logo

Bir Sreshtho Munshi Abdur Rouf Library
Jhenaidah Cadet College

English Today / (Record no. 9279)

MARC details
000 -LEADER
fixed length control field 00526nam a22002177a 4500
001 - CONTROL NUMBER
JCCL Control Number 9279
003 - CONTROL NUMBER IDENTIFIER
JCCL marc code OSt
005 - DATE AND TIME OF LATEST TRANSACTION
control field 20180312133250.0
008 - FIXED-LENGTH DATA ELEMENTS--GENERAL INFORMATION
fixed length control field 180312b1961 uk ||||| |||| 00| 0 eng d
035 ## - SYSTEM CONTROL NUMBER
system control number (BD-JhCC)9279
040 ## - CATALOGING SOURCE
Original cataloging agency BD-JhCC
Modifying agency BD-JhCC
041 ## - LANGUAGE CODE
Language code of Book eng
082 ## - DEWEY DECIMAL CLASSIFICATION NUMBER
Classification number 428
Author mark and Year RID 1961
100 ## - MAIN ENTRY--PERSONAL NAME
Personal name Ridout, Ronald
245 ## - TITLE STATEMENT
Title English Today /
Statement of responsibility, etc Ronald Ridout
260 ## - PUBLICATION, DISTRIBUTION, ETC. (IMPRINT)
Place of publication, distribution, etc London :
Name of publisher, distributor, etc Ginn and Company Ltd
Date of publication, distribution, etc 1961.
300 ## - PHYSICAL DESCRIPTION
Pagination 255 p. :
Dimensions 18 cm.
650 ## - SUBJECT ADDED ENTRY--TOPICAL TERM
Topical term or geographic name as entry element English Langeage
942 ## - ADDED ENTRY ELEMENTS (KOHA)
Source of classification or shelving scheme Dewey Decimal Classification
Koha item type Books
Holdings
Source of classification or shelving scheme Damaged status Not for loan Home library Current library Shelving location Date of accession Total Checkouts Full call number Barcode Date last seen Copy number Koha item type
Dewey Decimal Classification     JCC Rouf Library JCC Rouf Library General Stacks 03/12/2018   428 RID 1961 11426 03/12/2018 C-1 Books

JCC Library | Contacts | JCC Home

Last Update on 23 September 2017
Copyright @ 2017-2020 JCC Rouf Library
Rouf Library, Jhenidah Cadet College (JCC), Bangladesh